Every Premier League Goalscorer for Charlton Athletic - Statistics

General Stats
  • This quiz has been taken 37 times
  • The average score is 24 of 51
Answer Stats
Player % Correct
Darren Bent
91%
Marcus Bent
91%
Keith Jones
87%
Steve Jones
87%
Danny Murphy
70%
Scott Parker
70%
Clive Mendonca
65%
Darren Ambrose
65%
Luke Young
65%
Matt Holland
65%
Claus Jensen
61%
John Robinson
61%
Hermann Hreiðarsson
57%
Jonatan Johansson
57%
Mark Kinsella
57%
Paolo Di Canio
57%
Shaun Bartlett
57%
Chris Bart-Williams
52%
Danny Mills
52%
Jimmy Floyd Hasselbaink
52%
Kevin Lisbie
52%
Mark Fish
52%
Paul Konchesky
52%
Richard Rufus
52%
Chris Powell
48%
Dennis Rommedahl
48%
Jason Euell
48%
Jerome Thomas
48%
Jonathan Fortune
43%
Neil Redfearn
43%
Bryan Hughes
39%
Carl Tiler
39%
Chris Perry
39%
Mathias Svensson
39%
Radostin Kishishev
39%
Andy Hunt
35%
Graham Stuart
35%
Martin Pringle
35%
Steve Brown
35%
Talal El Karkouri
35%
Mark Bright
30%
Eddie Youds
26%
Francis Jeffers
26%
Zhi Zheng
26%
Amdy Faye
22%
Carlton Cole
22%
Andy Todd
17%
Paul Mortimer
17%
Charlie MacDonald
13%
Gary Rowett
13%
Jay Bothroyd
13%
No matching quizzes found
Score Distribution
Percent of People with Each Score
Percentile by Number Answered
Your Score History
You have not taken this quiz